=LDR 00000nam 2200000 4500 =001 INLIS000000000034649 =005 20130612140540 =008 ***********************************ind** =035 ##$$0010-061300000034649 =041 ##$$a ind =082 ##$$a 372.803 =090 ##$$a 372.803, Rat k =100 ##$$a RATNAPURI, Pupung =245 ##$$a Kamus pintar bergambar, Tempat hidup hewan, Pupung Ratnapuri ; Auky Damawan, Agus Jakaria =260 ##$$a (20..) $b Bandung =300 ##$$a iv, 35 hlm, ilus, 25 cm =650 ##$$a Pendidikan Dasar, Hewan - KaMUS =700 ##$$a dARMAWAN, aUKY =850 ##$$a NBPNMAT